书目信息 |
| 题名: |
谈文学
|
|
| 作者: | 朱光潜 著 | |
| 分册: | ||
| 出版信息: | 合肥 安徽教育出版社 1996 |
|
| 页数: | 140页 | |
| 开本: | 20cm | |
| 丛书名: | ||
| 单 册: | ||
| 中图分类: | I02 | |
| 科图分类: | ||
| 主题词: | 文学理论--基本问题 | |
| 电子资源: | ||
| ISBN: | 7-5336-1944-7 | |
| 000 | 00568nam0 2200205 45 | |
| 001 | 0198021525 | |
| 005 | 20041228111953.1 | |
| 010 | @a7-5336-1944-7@dCNY7.50 | |
| 100 | @a19980416e19971996emky0chiy0121 ea | |
| 101 | 0 | @achi |
| 102 | @aCN@b340000 | |
| 105 | @ay z 000yy | |
| 200 | 10 | @a谈文学@Atan wen xue@f朱光潜著@FZhu Guang Qian Zhu |
| 210 | @a合肥@c安徽教育出版社@d1996@h1997重印 | |
| 215 | @a140页@d20cm | |
| 606 | 0 | @a文学理论@x基本问题 |
| 690 | @aI02@v3 | |
| 701 | 0 | @a朱光潜@4著 |
| 801 | 0 | @aCN@bNLC@c19980505 |
| 905 | @f4@b292931-934@dI02@e202@b282863-865@f3 | |
| 谈文学/朱光潜著.-合肥:安徽教育出版社,1996(1997重印) |
| 140页;20cm |
| ISBN 7-5336-1944-7:CNY7.50 |
| ● |
| 相关链接 |
|
|
|
|
正题名:谈文学
索取号:I02/202
 
预约/预借
| 序号 | 登录号 | 条形码 | 馆藏地/架位号 | 状态 | 备注 |
| 1 | 0281862 | 002818623 | 第二借阅区/ [索取号:I02/202] | 在馆 | |
| 2 | 0281863 | 002818632 | 第二借阅区/ [索取号:I02/202] | 在馆 | |
| 3 | 0281864 | 002818641 | 第二借阅区/ [索取号:I02/202] | 在馆 | |
| 4 | 0281865 | 002818650 | 第二借阅区/ [索取号:I02/202] | 在馆 | |
| 5 | 0281866 | 002818669 | 第一样本阅览室/ [索取号:I02/202] | 在馆 | |
| 6 | 0291931 | 002919319 | 第二借阅区/ [索取号:I02/202] | 在馆 | |
| 7 | 0291932 | 002919328 | 第二借阅区/ [索取号:I02/202] | 在馆 | |
| 8 | 0291933 | 002919337 | 第二借阅区/ [索取号:I02/202] | 在馆 | |
| 9 | 0291934 | 002919346 | 第二借阅区/ [索取号:I02/202] | 在馆 | |
| 10 | 0291935 | 002919355 | 第二借阅区/ [索取号:I02/202] | 在馆 |